[Event "Mumbai Wealth op U13"]
[Site "Mumbai"]
[Date "2016.01.29"]
[Round "2"]
[White "Mahadkar, Vedika"]
[Black "Mahajan, Ayush"]
[Result "0-1"]
[WhiteElo "1002"]
[BlackElo "1169"]
[PlyCount "106"]
[EventDate "2016.01.28"]
[EventType "swiss"]
[EventRounds "9"]
[EventCountry "IND"]
[SourceTitle "CBM 170 Extra"]
[Source "ChessBase"]
[SourceDate "2016.02.25"]
[SourceVersion "1"]
[SourceVersionDate "2016.02.25"]
[SourceQuality "1"]

1. e4 e5 2. Nf3 Nc6 3. Bc4 Bc5 4. d3 h6 5. Nc3 d6 6. Be3 Bb6 7. Qd2 Be6 8. Bxe6 fxe6 9. 0-0-0 Qe7 10. h4 0-0-0 11. g4 Rf8 12. Qe2 Qf7 13. Bxb6 axb6 14. Rh3 Qf4+ 15. Kb1 Qxg4 16. Rg3 Qf4 17. Rdg1 Nge7 18. R1g2 Rhg8 19. Nb5 Kd7 20. d4 exd4 21. Nbxd4 g6 22. Rg4 Nxd4 23. Nxd4 Qe5 24. Qe3 Nd5 25. Qd2 Ne7 26. c3 h5 27. Rg5 Qxe4+ 28. Kc1 Qxh4 29. f3 Qf4 30. Qxf4 Rxf4 31. Re2 e5 32. Nc2 Rxf3 33. Rh2 Rf5 34. Rg3 c6 35. Kd2 Rf4 36. Ne3 d5 37. Kd3 Ke6 38. c4 e4+ 39. Kc3 Rd8 40. cxd5+ cxd5 41. Kc2 d4 42. Nc4 b5 43. Na3 b4 44. Nb5 d3+ 45. Kd2 Kf6 46. Ke3 Nd5+ 47. Kd2 g5 48. a3 h4 49. Rgg2 Ne7 50. axb4 Nf5 51. Nc3 e3+ 52. Kc1 Ng3 53. b5 Rf1+ 0-1